<Der> Einfluss von Grossunternehmen auf die Kommunen unter Berücksichtigung lokalen Funktionswandels und veränderter Rahmenbedingungen in der BRD Inaugural-Dissertation

Guardado en:
Detalles Bibliográficos
Autor principal: Winter, Egon
Formato: Libro
Lenguaje:alemán
Publicado: Frankfurt am Main Johann Wolfgang Goethe-Universität 1981
Etiquetas: Agregar Etiqueta
Sin Etiquetas, Sea el primero en etiquetar este registro!

MARC

LEADER 00000nam a2200000 4500
001 c126526
005 20140320095147.8
041 0 |a ger 
044 |a DE 
245 1 0 |a <Der> Einfluss von Grossunternehmen auf die Kommunen unter Berücksichtigung lokalen Funktionswandels und veränderter Rahmenbedingungen in der BRD  |b Inaugural-Dissertation  |c Egon Winter 
264 1 |a Frankfurt am Main  |b Johann Wolfgang Goethe-Universität  |c 1981 
300 |a 250 s. 
100 1 |a Winter, Egon